Teoretické a praktické východiská programu olympijskej výchovy medzinárodná konferencia Slovenskej olympijskej akadémie, 23. jún 2010, Univerzita Komenského v Bratislave, Fakulta telesnej výchovy a športu
| Other Authors: | |
|---|---|
| Format: | Software Book |
| Language: | Slovak Czech English |
| PhysicalDescription: | 1 elektronický optický disk (DVD) fareb., zvuk. 12 cm |
| Published: |
Bratislava
Slovenský olympijský výbor
2010
|
| ISBN: | 9788089460038 |
| Edition: | 1. vyd. |
| Subjects: |
MARC
| LEADER | 00000cam a2200000 a 4500 | ||
|---|---|---|---|
| 001 | vtls010196175 | ||
| 003 | SK-MaSNL | ||
| 005 | 20260301172808.0 | ||
| 007 | co cga muuua | ||
| 008 | 180809s2010 xo | f 100 0 slo | ||
| 015 | |a SNBS2014 | ||
| 020 | |a 9788089460038 |q (elektronická kniha) | ||
| 040 | |a SNK |b slo |c SNK |e AACR | ||
| 041 | 0 | |a slo |a cze |a eng | |
| 044 | |a xo |c SK | ||
| 072 | 7 | |a 37 |x Výchova a vzdelávanie |2 konspekt | |
| 072 | 7 | |a 796 |x Šport. Hry. Telesné cvičenia |2 konspekt | |
| 080 | |a 37.031.1:796.032.2 |2 2001 | ||
| 080 | |a (062.534) |2 2001 | ||
| 080 | |a (0.034.44) |2 2001 | ||
| 245 | 0 | 0 | |a Teoretické a praktické východiská programu olympijskej výchovy |h elektronický zdroj |b medzinárodná konferencia Slovenskej olympijskej akadémie, 23. jún 2010, Univerzita Komenského v Bratislave, Fakulta telesnej výchovy a športu |c editor: František Seman |
| 246 | 3 | 1 | |a Theoretical and Practical Aspects of Olympic Education |b International Conference of the Slovak Olympic Academy |
| 250 | |a 1. vyd. | ||
| 260 | |a Bratislava |b Slovenský olympijský výbor |c 2010 | ||
| 300 | |a 1 elektronický optický disk (DVD) |b fareb., zvuk. |c 12 cm | ||
| 500 | |a Názov z titulnej obrazovky | ||
| 504 | |a Bibliogr. odkazy | ||
| 516 | |a Textový dokument (zborník), súbory vo formáte pdf, ppt, wmv/a, videoklipy | ||
| 538 | |a Technické požiadavky: PDF prehliadač, prezentačný softvér, multimediálny softvér | ||
| 546 | |a Text čiast. aj angl., čes. | ||
| 650 | 0 | 7 | |a olympijská výchova |2 SNKPH |9 504987 |
| 650 | 0 | 7 | |a šport |2 SNKPH |9 1042 |
| 650 | 0 | 7 | |a Olympic education |2 SNKPHeng |9 504988 |
| 650 | 0 | 7 | |a Sports |2 SNKPHeng |9 311211 |
| 655 | 7 | |a elektronické zdroje |2 SNKPH |9 90954 | |
| 655 | 7 | |a DVD |2 SNKPH |9 70751 | |
| 655 | 7 | |a zborníky konferencií |2 SNKPH |9 70153 | |
| 655 | 7 | |a Proceedings of conferences |2 SNKPHeng |9 265791 | |
| 655 | 7 | |a Electronic resources |2 SNKPHeng |9 175546 | |
| 700 | 1 | |a Seman, František |4 edt |9 64839 | |
| 852 | |a Štátna vedecká knižnica v Banskej Bystrici | ||
| 919 | |a 978-80-89460-03-8 | ||
| 958 | |a NB | ||
| 999 | |c 834749 |d 836679 | ||
| 952 | |a SNK |b SNK |y PREZ |7 0 |p 17A0689141 |o snkSDVD 1090 |i snk2011/3492 |8 0 |0 0 |1 0 |4 0 |d 2011-02-17 |l 0 |r 2026-02-24 03:50:18 |w 2026-02-24 | ||
| 952 | |t snkTEO 796:37 |a SNKMST |b SNKMST |y PREZ |7 0 |p 17A0696026 |o snkSDVD 1090 D1 |i snk2011/8179 |8 0 |0 0 |1 0 |4 0 |d 2011-04-08 |l 0 |r 2025-08-12 00:00:00 |w 2026-02-24 | ||


